书目信息 |
| 题名: |
墨西哥旅行Let's Go
|
|
| 作者: | ;亲历者编辑部 编著 | |
| 分册: | ||
| 出版信息: | 北京 中国铁道出版社 2014.03 |
|
| 页数: | 229页 | |
| 开本: | 21cm | |
| 丛书名: | 亲历者旅行指南 | |
| 单 册: | ||
| 中图分类: | K973.19 | |
| 科图分类: | ||
| 主题词: | 旅游指南--墨西哥 , 旅游指南 | |
| 电子资源: | ||
| ISBN: | 978-7-113-17636-5 | |
| 000 | 01048oam2 2200301 450 | |
| 001 | 0120141212937 | |
| 005 | 20140610082314.14 | |
| 010 | @a978-7-113-17636-5@dCNY39.80 | |
| 100 | @a20140217d2014 em y0chiy0110 ea | |
| 101 | 0 | @achi |
| 102 | @aCN@b110000 | |
| 105 | @aabk z 000yy | |
| 106 | @ar | |
| 200 | 1 | @a墨西哥旅行Let's Go@9mo xi ge lu^ xing Let's Go@e最新畅销版@f《亲历者》编辑部编著 |
| 210 | @a北京@c中国铁道出版社@d2014.03 | |
| 215 | @a229页@c图,地图@d21cm | |
| 225 | 2 | @a亲历者旅行指南 |
| 225 | 2 | @a旅游书架 |
| 330 | @a本书以深度和精度为目标,旨在为旅行者提供最实用的旅行指南。精选墨西哥最热门旅游目的地,最经典景点,通过大量的亲历者点评,丰富的第一手资讯,精美的景区示意图,让亲历者的旅行体验能最大程度地与读者共享。 | |
| 333 | @a旅游爱好者 | |
| 461 | 0 | @12001 @a亲历者旅行指南 |
| 461 | 0 | @12001 @a旅游书架 |
| 606 | 0 | @a旅游指南@y墨西哥 |
| 606 | 0 | @a旅游指南 |
| 690 | @aK973.19@v5 | |
| 711 | 02 | @a亲历者编辑部@9qin li zhe bian ji bu@4编著 |
| 801 | 0 | @aCN@b人天书店@c20140217 |
| 905 | @b846762-64@dK973.19@e227@f3 | |
| 墨西哥旅行Let's Go:最新畅销版/《亲历者》编辑部编著.-北京:中国铁道出版社,2014.03 |
| 229页:图,地图;21cm.-(亲历者旅行指南).-(旅游书架) |
| 使用对象:旅游爱好者 |
| ISBN 978-7-113-17636-5:CNY39.80 |
| 本书以深度和精度为目标,旨在为旅行者提供最实用的旅行指南。精选墨西哥最热门旅游目的地,最经典景点,通过大量的亲历者点评,丰富的第一手资讯,精美的景区示意图,让亲历者的旅行体验能最大程度地与读者共享。 |
| ● |
| 相关链接 |
|
|
|
|
正题名:墨西哥旅行Let's Go
索取号:K973.19/227
 
预约/预借
| 序号 | 登录号 | 条形码 | 馆藏地/架位号 | 状态 | 备注 |
| 1 | 846762 | 208467620 | 第二样本阅览室/ [索取号:K973.19/227] | 在馆 | |
| 2 | 846763 | 208467639 | 第二借阅区/ [索取号:K973.19/227] | 在馆 | |
| 3 | 846764 | 208467648 | 密集书库-资源管理系/ [索取号:K973.19/227] | 在馆 |